00767nam a22002297a 4500003001100000005001700011008004100028020001500069040003900084041000800123082001600131245006600147260003900213300004800252650004000300700003200340700002800372700002400400942000700424952009100431999001500522LK-CoMWRAF20231030133944.0231013b1973 |||||||| |||| 00| 0 eng d a0395126738 aLK-CoMWRAFdLK-CoMWRAFeLK-CoMWRAF aeng a371.42bELE aElementary-school guidance and counseling: ba composite view aBoston : bHoughton Mifflin,c1973 a xi, 285 p. : ill. ; 24 cm.bIndex included aCOUNCELLING IN ELEMENTARY EDUCATION aVan Hoose, William H. eed. aPietrofesa, John Jeed. aCarlson, Jon. eed. cBK 00104070aMAINbMAINd2023-10-13l0o371.42 ELEpRAF1740r2023-10-13w2023-10-13yBK c3847d3847